La tercera guerra mundial

Gespeichert in:
Bibliographische Detailangaben
1. Verfasser: Hackett, John (VerfasserIn)
Format: Buch
Sprache:Spanisch
Veröffentlicht: Ciudad de México Lasser Press Mexicana 1980
Ausgabe:2a. ed
Schlagworte:
Tags: Tag hinzufügen
Keine Tags, Fügen Sie den ersten Tag hinzu!

MARC

LEADER 00000nam a2200000 a 4500
001 UCO7579
003 CL-VaPUC
008 001117e19800500MX |||||||||||||||||spa|d
082 0 4 |a 303.49  |b HAC  |2 21 
100 0 |a Hackett, John  |e author  |9 452114 
245 1 3 |a La tercera guerra mundial 
250 |a 2a. ed 
300 |a 507 p 
942 |c BK 
945 |d 20001117 00:00:00  |a crobeson 
260 |a Ciudad de México  |b Lasser Press Mexicana  |c 1980 
500 |a Donación del profesor Manfred Wilhelmy von Wolff 
650 7 |a FUTUROLOGIA  |2 CL-VaPUC  |9 328866 
650 7 |a PREDICCIONES SOCIALES  |2 CL-VaPUC  |9 264215 
650 7 |a CONFLICTOS INTERNACIONALES  |2 CL-VaPUC  |9 334143 
650 0 |a Guerra nuclear   |9 318894 
583 |a last modification  |c 20001117 00:00:00  |k Rodrigo Vera 
999 |c 292469  |d 292467 
952 |0 0  |1 0  |4 0  |6 303_490000000000000_HAC_1980  |7 0  |8 A  |9 343383  |a BIBHIS  |b BIBHIS  |d 2019-11-20  |i 1228579  |o 303.49 HAC 1980  |p 1228579  |r 2025-01-20  |w 2019-11-20  |y BK  |k HIS